[Event "6th Uppsala Young Champions 2019"]
[Site "Uppsala"]
[Date "2019.10.28"]
[Round "5.16"]
[White "Dingertz, Erik"]
[Black "Skahlberg Bjerknes-Lima de Far, Warg"]
[Result "1-0"]
[WhiteElo "1908"]
[BlackElo "1637"]
[Annotator "NA"]
[PlyCount "67"]
[EventDate "2019.10.25"]
[EventType "swiss"]
[EventCountry "SWE"]
[SourceTitle "playchess.com"]
[Source "ChessBase"]
[SourceQuality "1"]
[TimeControl "5400+30"]

1. c4 {[%emt 1:30:30]} c5 {[%emt 1:30:30]} 2. Nc3 {[%emt 0:00:30]} Nc6 {[%emt 0:00:30]} 3. g3 {[%emt 0:00:30]} g6 {[%emt 0:00:30]} 4. Bg2 {[%emt 0:00:30]} Bg7 {[%emt 0:00:30]} 5. a3 {[%emt 0:00:30]} d6 {[%emt 0:00:30]} 6. Rb1 {[%emt 0:00:30]} a5 {[%emt 0:00:30]} 7. e3 {[%emt 0:00:30] A36: Symmetrical English vs ...g6: 4 Bg2 Bg7} (7. d3 e5 8. e4 h5 9. h4 Bh6 10. Bh3 Bxc1 11. Rxc1 Nf6 12. Bxc8 Rxc8 13. Nge2 O-O 14. O-O Qd7 15. Kg2 Kg7 {1-0 (68) Giri,A (2790)-Karjakin,S (2779) Shamkir 2016}) 7... Bf5 {[%emt 0:00:30]} 8. d3 {[%emt 0:00:30]} Nf6 {[%emt 0:00:30]} 9. Nge2 {[%emt 0:00:30]} Qc8 $146 {[%emt 0:00:30]} ({Predecessor:} 9... Ne5 10. e4 Bg4 11. h3 Bf3 12. O-O Nfd7 13. Be3 O-O 14. Bxf3 Nxf3+ 15. Kg2 Nde5 {0-1 (46) Gazik,V (2414)-Cernousek,L (2492) Bojnice 2016}) 10. Nb5 {[%emt 0:00:30]} Ne5 {[%emt 0:00:30]} 11. e4 {[%emt 0:00:30]} Bg4 {[%emt 0:00:30]} 12. h3 {[%emt 0:00:30]} Bf3 {[%emt 0:00:30]} 13. O-O {[%emt 0:00:30]} Nfd7 {[%emt 0:00:30]} 14. b3 {[%emt 0:00:30]} O-O {[%emt 0:00:30]} 15. d4 {[%emt 0:00:30]} (15. Bxf3 $14 Nxf3+ 16. Kg2) 15... cxd4 {[%emt 0:00:30]} 16. Nbxd4 {[%emt 0:00:30]} Bxg2 {[%emt 0:00:30]} 17. Kxg2 {[%emt 0:00:30] [#]} Nc6 {[%emt 0:00:30]} (17... a4 $1 $15 {[%mdl 512]}) 18. Be3 {[%emt 0:00:30]} (18. a4 $14) 18... Nc5 {[%emt 0:00:30]} (18... a4 $15) 19. Nc3 {[%emt 0:00:30]} Ne6 {[%emt 0:00:30]} (19... a4 $11) 20. Ndb5 {[%emt 0:00:30]} Nc7 {[%emt 0:00:30]} 21. Nxc7 {[%emt 0:00:30]} ({White should try} 21. Nd5 Nxd5 22. cxd5 (22. exd5 Ne5 $16)) 21... Qxc7 {[%emt 0:00:30]} 22. Nd5 {[%emt 0:00:30]} Qd8 {[%emt 0:00:30]} 23. Bb6 {[%emt 0:00:30]} Qd7 {[%emt 0:00:30]} 24. f4 {[%emt 0:00:30]} Rac8 $16 {[%emt 0:00:30]} 25. Bg1 {[%emt 0:00:30]} Qe6 {[%emt 0:00:30]} 26. Qe1 {[%emt 0:00:30]} Nd4 {[%emt 0:00:30]} 27. e5 {[%emt 0:00:30]} Nc6 {[%emt 0:00:30]} 28. exd6 {[%emt 0:00:30]} Qxd6 {[%emt 0:00:30]} 29. b4 {[%emt 0:00:30]} axb4 {[%emt 0:00:30]} 30. axb4 {[%emt 0:00:30]} e6 {[%emt 0:00:30]} 31. Bc5 {[%emt 0:00:30]} Qd8 {[%emt 0:00:30]} 32. Nb6 {[%emt 0:00:30]} Rb8 {[%emt 0:00:30]} 33. Rd1 {[%emt 0:00:30]} Qc7 {[%emt 0:00:30]} 34. Rd7 {[%emt 0:00:30]} 1-0

[Event "6th Uppsala Young Champions 2019"]
[Site "Uppsala"]
[Date "2019.10.28"]
[Round "6.1"]
[White "Crevatin, Leo"]
[Black "Roshka, Yevgeniy"]
[Result "0-1"]
[WhiteElo "2221"]
[BlackElo "2369"]
[Annotator "TA"]
[PlyCount "72"]
[EventDate "2019.10.25"]
[EventType "swiss"]
[EventCountry "SWE"]
[SourceTitle "playchess.com"]
[Source "ChessBase"]
[SourceQuality "1"]

{[%evp 11,72,54,68,37,36,40,40,43,37,33,39,37,66,58,68,0,0,-15,1,-6,23,27,30,34,108,100,110,102,162,136,153,139,118,116,220,123,125,-16,0,-23,-27,-90,-95,-81,-105,-106,-110,-261,0,0,0,-627,-632,-570,-571,-29985,-29986,-29994,-29992,-29992,-29993,-29993,-29994]} 1. d4 Nf6 2. c4 c5 3. d5 e6 4. Nc3 exd5 5. cxd5 d6 6. e4 g6 7. Nge2 {A65: Modern Benoni: 6 e4} (7. h3 Bg7 8. Nf3 a6 9. a4 Nbd7 10. Bd3 Nh5 11. Be2 Ne5 12. Nxe5 Bxe5 13. Bxh5 gxh5 14. Qxh5 Qf6 {1-0 (55) Jakovenko,D (2748)-Dubov,D (2691) Satka 2018}) 7... Bg7 8. Ng3 a6 9. a4 {White is slightly better.} h5 10. Be2 Qe7 11. f3 h4 12. Nf1 Nh5 13. Be3 ({Better is} 13. g4 $1 $14 hxg3 14. hxg3) 13... f5 $146 ({Predecessor:} 13... Nd7 14. Qd2 Ne5 {1-0 (38) Percze,J (2255)-Boros,K (2154) Hungary 2013}) 14. Nd2 f4 15. Bf2 Nd7 16. a5 Ne5 17. Na4 Qg5 (17... Rb8 $14) 18. Nb6 $16 Rb8 19. Rg1 h3 (19... O-O $16) 20. gxh3 Qe7 21. Qa4+ Kf7 22. h4 Bh3 (22... Nf6 $16) 23. O-O-O (23. Nbc4 $18) 23... Nf6 24. Rg5 (24. b4 $16) 24... Nfd7 $1 $11 25. Ndc4 (25. Nxd7 {feels hotter.} Bxd7 26. Qb3 b5 27. axb6 Qd8 28. Rxe5 Rxb6 29. Qc2) 25... Nxc4 26. Nxc4 (26. Qxc4 $11 Nxb6 27. axb6) 26... b5 $1 $17 {[%cal Rb5a4][%mdl 64] Double Attack} 27. axb6 Nxb6 28. Nxb6 Rxb6 29. b3 $2 {[#]} (29. e5 $17 Bxe5 30. Bd3) 29... Qf6 $2 (29... Rb4 $1 $19 {[%cal Rb4a4]} 30. Qxa6 Rxb3) 30. e5 $1 $11 {[%cal Re5f6]} dxe5 $40 {[%mdl 128] Strongly threatening ...e4! Black has some attack.} 31. Bxc5 $2 {[%mdl 8192] [#]} (31. Rd2 $11) 31... Rc8 $1 $19 32. Qc4 {[#] d6+ is the strong threat.} e4 $1 {[%csl Gg7][%cal Rf6b2][%mdl 512]} 33. Kd2 (33. Qxe4 Qb2#) 33... e3+ {Black mates.} 34. Kd3 Bf5+ 35. Rxf5 Qxf5+ 36. Qe4 Rxc5 {Accuracy: White = 42%, Black = 60%.} 0-1

[Event "6th Uppsala Young Champions 2019"]
[Site "Uppsala"]
[Date "2019.10.28"]
[Round "6.2"]
[White "Storme, Isak"]
[Black "Abdrlauf, Elham"]
[Result "1/2-1/2"]
[WhiteElo "2244"]
[BlackElo "2213"]
[Annotator "NA RC"]
[PlyCount "114"]
[EventDate "2019.10.25"]
[EventType "swiss"]
[EventCountry "SWE"]
[SourceTitle "playchess.com"]
[Source "ChessBase"]
[SourceQuality "1"]
[TimeControl "5400+30"]

1. d4 {[%emt 0:01:18]} Nf6 {[%emt 0:02:23]} 2. c4 {[%emt 0:00:16]} e6 {[%emt 0:01:03]} 3. Nc3 {[%emt 0:00:08]} Bb4 {[%emt 0:00:05]} 4. f3 {[%emt 0:00:06]} d5 {[%emt 0:00:14]} 5. a3 {[%emt 0:00:05]} Bxc3+ {[%emt 0:00:01]} 6. bxc3 {[%emt 0:00:08]} c6 {[%emt 0:00:05]} 7. e3 {[%emt 0:10:15]} O-O {[%emt 0:01:36]} 8. Bd3 {[%emt 0:00:49]} b6 {[%emt 0:10:07]} 9. Ne2 {[%emt 0:13:24]} Ba6 {[%emt 0:02:18]} 10. cxd5 {[%emt 0:00:27]} Bxd3 {[%emt 0:03:56]} 11. Qxd3 {[%emt 0:00:42]} cxd5 {[%emt 0:00:17]} 12. e4 {[%emt 0:00:59]} dxe4 {[%emt 0:04:59]} 13. fxe4 {[%emt 0:00:15]} Nbd7 {[%emt 0:00:14]} 14. Qf3 {[%emt 0:11:13]} Qc7 {[%emt 0:03:31]} 15. O-O {[%emt 0:02:40]} Rac8 {[%emt 0:06:19]} 16. e5 {[%emt 0:14:53]} Nd5 {[%emt 0:00:04]} 17. Qg4 {[%emt 0:00:30]} f5 {[%emt 0:03:39]} 18. exf6 {[%emt 0:03:21]} N7xf6 {[%emt 0:00:03]} 19. Qxe6+ {[%emt 0:01:40]} Kh8 {[%emt 0:00:02]} 20. Qh3 {[%emt 0:09:09]} Ne4 {[%emt 0:04:55]} 21. Nf4 {[%emt 0:02:49]} Nxf4 {[%emt 0:01:02]} 22. Bxf4 {[%emt 0:00:15]} Qxc3 {[%emt 0:03:03]} 23. Qxc3 {[%emt 0:00:14]} Nxc3 {[%emt 0:00:02]} 24. Be5 {[%emt 0:01:25]} Kg8 {[%emt 0:00:03]} 25. h3 {[%emt 0:01:41]} g6 {[%emt 0:02:43]} 26. Kh2 {[%emt 0:00:31]} b5 {[%emt 0:01:46]} 27. Rxf8+ {[%emt 0:01:38]} Kxf8 {[%emt 0:00:36]} 28. Bd6+ {[%emt 0:05:04]} Kf7 {[%emt 0:08:50]} 29. Re1 {[%emt 0:00:39]} Nd5 {[%emt 0:00:01]} 30. Re5 {[%emt 0:00:37]} Rd8 {[%emt 0:00:14]} 31. Rxd5 {[%emt 0:00:37]} a6 {[%emt 0:00:01]} 32. Rc5 {[%emt 0:05:41]} Rxd6 {[%emt 0:01:12]} 33. Rc7+ {[%emt 0:00:09]} Ke6 {[%emt 0:00:39]} 34. Rxh7 {[%emt 0:00:43]} Kd5 {[%emt 0:01:42]} 35. Kg3 {[%emt 0:02:53]} Kc4 {[%emt 0:03:02]} 36. Kf4 {[%emt 0:00:12]} Rxd4+ {[%emt 0:00:35]} 37. Kg5 {[%emt 0:00:52]} Kb3 {[%emt 0:02:22]} 38. Kxg6 {[%emt 0:02:36]} Kxa3 {[%emt 0:00:04]} 39. Kf5 {[%emt 0:02:57]} Ra4 {[%emt 0:04:10]} 40. g4 {[%emt 0:03:21]} b4 {[%emt 0:00:16]} 41. h4 {[%emt 0:01:09]} b3 {[%emt 0:00:39]} 42. Re7 {[%emt 0:00:37]} b2 {[%emt 0:00:13]} 43. Re1 {[%emt 0:00:16]} Kb3 {[%emt 0:01:18]} 44. h5 {[%emt 0:01:01]} Ra1 {[%emt 0:00:22]} 45. Re3+ {[%emt 0:00:10]} Kc4 {[%emt 0:00:10]} 46. Re4+ {[%emt 0:00:17]} Kc5 {[%emt 0:00:05]} 47. Re5+ {[%emt 0:00:26]} Kd6 {[%emt 0:00:03]} 48. Re6+ {[%emt 0:00:07]} Kd7 {[%emt 0:00:11]} 49. Rb6 {[%emt 0:00:14]} b1=Q+ {[%emt 0:00:26]} 50. Rxb1 {[%emt 0:00:05]} Rxb1 {[%emt 0:00:02]} 51. h6 {[%emt 0:01:11]} a5 {[%emt 0:00:45]} 52. g5 {[%emt 0:00:27]} Ke7 {[%emt 0:00:21]} 53. Kg6 {[%emt 0:00:38]} Kf8 {[%emt 0:01:22]} 54. Kh7 {[%emt 0:00:05]} Rb7+ {[%emt 0:00:02]} 55. Kh8 {[%emt 0:00:13]} Rb6 {[%emt 0:00:17]} 56. g6 {[%emt 0:00:16]} Rxg6 {[%emt 0:04:31]} 57. h7 {[%emt 0:04:06]} Ra6 {[%emt 0:29:29]} 1/2-1/2

[Event "6th Uppsala Young Champions 2019"]
[Site "Uppsala"]
[Date "2019.10.28"]
[Round "6.3"]
[White "Kristensen, Bjarke Hautop"]
[Black "Mihajlov, Sebastian"]
[Result "0-1"]
[WhiteElo "2223"]
[BlackElo "2387"]
[Annotator "TA"]
[PlyCount "78"]
[EventDate "2019.10.25"]
[EventType "swiss"]
[EventCountry "SWE"]
[SourceTitle "playchess.com"]
[Source "ChessBase"]
[SourceQuality "1"]

{[%evp 16,78,52,9,25,-16,-14,-35,-44,-53,-41,-61,-59,-62,-62,-115,-107,-151,-135,-141,-125,-130,-130,-141,-144,-139,-133,-143,-137,-129,-131,-153,-144,-160,-160,-160,-161,-160,-156,-162,-162,-160,-160,-160,-161,-165,-165,-164,-163,-202,-200,-194,-169,-230,-212,-365,-374,-500,-492,-464,-500,-528,-525,-1583,-1454]} 1. d4 Nf6 2. c4 g6 3. Nc3 Bg7 4. e4 d6 5. Nf3 O-O 6. Be2 Nbd7 7. O-O e5 8. dxe5 dxe5 9. b3 c6 {E94: King's Indian: Classical: 6 Be2 e5 7 0-0: Various Black 7th moves} 10. a4 $146 ({Predecessor:} 10. Qc2 Re8 11. h3 Nh5 12. Rd1 Nf4 13. Be3 Qe7 14. Bf1 Nf8 15. Rd2 N8e6 16. Qd1 f5 17. g3 Nh5 18. exf5 gxf5 {1-0 (33) Kuzmin,E (2244)-Alikulov,E (2369) Moscow 2017}) 10... a5 11. Ba3 Re8 {Black is slightly better.} 12. Qc2 Bf8 13. Bxf8 Nxf8 14. Rfd1 Qe7 15. Qd2 ({Better is} 15. Ne1 $15) 15... Bg4 $17 16. Qd6 Bxf3 17. Bxf3 N6d7 18. Qxe7 Rxe7 19. Bg4 Nc5 20. Rab1 Ree8 21. b4 axb4 22. Rxb4 h5 23. Bh3 Red8 24. f3 Rxd1+ 25. Nxd1 Rxa4 26. Rxa4 Nxa4 {[%mdl 4096] Endgame KBN-KNN} 27. Bc8 Nc5 28. Nc3 Nh7 29. Kf2 Nf6 30. g3 Kf8 31. Ke3 Ke7 32. Bh3 Kd6 33. Bf1 Nfd7 34. h4 {[#]} (34. f4 {might work better.}) 34... Nb6 $1 $19 35. g4 $2 (35. f4 {is a better defense.}) 35... Ne6 36. Nb1 Kc5 {Black is clearly winning.} 37. Nd2 Nf4 38. Bd3 Kb4 39. Bb1 Nxc4+ {Accuracy: White = 23%, Black = 96%.} 0-1

[Event "6th Uppsala Young Champions 2019"]
[Site "Uppsala"]
[Date "2019.10.28"]
[Round "6.4"]
[White "Sorensen, Hampus"]
[Black "Papunidi, Matvey"]
[Result "1-0"]
[WhiteElo "2330"]
[BlackElo "2083"]
[Annotator "TA"]
[PlyCount "173"]
[EventDate "2019.10.25"]
[EventType "swiss"]
[EventCountry "SWE"]
[SourceTitle "playchess.com"]
[Source "ChessBase"]
[SourceQuality "1"]

{[%evp 12,173,29,18,19,14,16,16,22,18,23,20,25,0,8,0,1,-12,-4,-12,-12,-83,0,0,0,0,0,0,0,-33,-36,-110,-29,0,-7,-34,-17,-23,27,-59,-56,-58,-44,-121,-122,-155,0,0,461,458,461,449,447,428,446,429,471,459,609,606,592,575,648,554,543,527,584,555,542,552,729,714,1006,997,852,67,73,73,72,75,77,77,83,75,106,83,89,72,87,73,211,211,324,270,222,287,413,408,1007,973,765,443,637,314,1750,37,929,629,756,590,359,0,0,0,0,26,52,0,0,0,0,0,0,0,29999,29980,29984,29982,29982,29983,29983,29984,29984,29985,29985,29986,29986,29987,29987,29988,29988,29989,29988,29989,29989,29989,29989,29990,29990,29991,29991,29992,29994,29992,29992,29993,29995,29994,29994,29994,29995,29996,29996,29997]} 1. d4 d5 2. c4 c6 3. Nf3 e6 4. e3 f5 5. Be2 Nf6 6. O-O Bd6 7. b3 Qe7 {A84: Dutch Defence: 2 c4 Miscellaneous} 8. Ne5 O-O 9. Bb2 b6 {The position is equal.} 10. Nd2 Bb7 11. Rc1 c5 12. Qc2 $146 ({Predecessor:} 12. Ndf3 Nbd7 13. dxc5 bxc5 14. cxd5 exd5 15. Nxd7 Nxd7 16. Ba6 Nb6 17. Bxb7 Qxb7 {½-½ (65) Lin,Y (2276)-Zhou,W (2635) China 2016}) 12... Nbd7 13. Ndf3 Rac8 14. Qb1 Ne4 15. Nxd7 Qxd7 16. Rfd1 (16. dxc5 $11 bxc5 17. g3) 16... Qe7 (16... f4 $1 $17) 17. dxc5 $1 $11 bxc5 18. Be5 $1 Bxe5 19. Nxe5 Qh4 20. Nd3 (20. g3 $5 {[%cal Rg3h4]} Qh6 21. f4 $11) 20... d4 21. exd4 (21. Qb2 $1 $15) 21... cxd4 (21... Rf6 $1 $17 22. g3 Rg6) 22. Qb2 Nc3 $36 {[%mdl 2048] White must now prevent ...Qg5! Black has good play.} 23. Re1 $1 Qg5 {[%csl Gb7][%cal Rg5g2]} 24. Bf1 f4 25. f3 (25. Re5 $11 Rf5 26. Rce1) 25... Bxf3 $1 $15 26. Qf2 Bc6 {And now ...f3 would win.} 27. Qxd4 ({Better is} 27. Re5 $15 Qg6 28. Nxf4) 27... f3 $1 $17 {[%cal Rf3g2]} 28. Rxc3 fxg2 $2 (28... Qd2 $1 $17 {[%cal Rf3g2]} 29. Qe3 (29. gxf3 $2 Rxf3 30. Qg4 Rf5 $19) 29... Qxc3 30. gxf3 Bxf3) 29. Be2 $11 {Hoping for Nf2.} Rf1+ $2 {[%mdl 8192]} (29... e5 $11 {and Black is okay.} 30. Nxe5 (30. Qxe5 Rf1+ {[%mdl 64] Decoy} 31. Rxf1 gxf1=Q+ 32. Kxf1 Qg2+ 33. Ke1 Re8 $17) 30... Rf1+ 31. Rxf1 gxf1=Q+ 32. Kxf1 Rd8) 30. Rxf1 $18 gxf1=Q+ 31. Kxf1 Qd2 {Strongly threatening ...Rf8+.} 32. Qe5 Rf8+ {[#]} 33. Nf2 $1 Kh8 34. Rd3 Qc1+ 35. Rd1 Qh6 36. Ke1 Qg6 {and the idea ...Qg1+ leaves Black hopeful.} 37. Qg3 Qc2 38. a4 h6 39. Qd3 Qb2 40. Ng4 e5 {[#]} 41. Qd6 $1 Qc3+ 42. Rd2 Rc8 43. Qe6 $2 ({White should play} 43. Nxe5 $18 Be4 44. Qe6) 43... Rd8 $1 $14 44. Bd3 $1 Bf3 {( -> ...Qc1+)} (44... Rxd3 $2 45. Qc8+ Kh7 46. Qf5+ Kg8 47. Qxd3 $18) 45. Nxe5 Qc1+ 46. Kf2 {Threatening mate with Nf7+.} Qxd2+ 47. Kxf3 {Nf7+ would kill now.} Rxd3+ 48. Nxd3 Qxd3+ $16 {[%mdl 4096] Endgame KQ-KQ} 49. Qe3 Qf5+ 50. Kg3 Qg6+ (50... h5 $16 {was worth a try.}) 51. Kf4 $18 Qd6+ (51... Qg5+ {might work better.} 52. Ke4 Qg2+ 53. Kf5 Qxh2) 52. Ke4 Qxh2 53. c5 (53. Qxa7 $6 Qc2+ 54. Ke5 Qxb3) 53... h5 {[#]} (53... Qb8 {is a better defense.} 54. Kd5 h5) 54. c6 $1 h4 (54... Qd6 $142 55. Qc3 (55. Qxa7 Qxc6+ 56. Kd4 Qf6+ 57. Kc4 Qc6+ 58. Kb4 Qd6+ 59. Kc3 Qc6+ 60. Kb4 Qd6+ 61. Kb5 Qd5+ 62. Kb4 h4 $11) 55... Qc7) 55. Qc5 Qe2+ 56. Kd5 {aiming for c7.} Qd3+ (56... Qf3+ $142 57. Ke6 Qe4+ 58. Kd7 Qg4+ 59. Kc7 h3) 57. Ke6 (57. Qd4 $142 Qf3+ 58. Kd6) 57... Qxb3+ $2 (57... Qe4+ 58. Kd7 Qg4+ 59. Kc7 h3) 58. Kd7 $2 (58. Ke7 $18 Qf3 59. c7 Qe4+ 60. Kd8 Qd3+ 61. Kc8) 58... Qxa4 $2 {[%mdl 8192]} (58... h3 $14) 59. Qh5+ Kg8 60. Qd5+ Kh8 61. Kd8 $2 ({White should try} 61. Qf3 $18) 61... h3 $11 62. c7 Qh4+ 63. Ke8 Qa4+ $1 ({Don't go for} 63... Qg4 $2 64. Qd8 $18 (64. Kd8 Qh4+ 65. Ke8 Qa4+ 66. Ke7 Qb4+ 67. Ke6 Qg4+ 68. Qf5 Qc4+ 69. Kd6 Qb4+ 70. Qc5 Qf4+ 71. Qe5 Qb4+ 72. Kc6 Qc4+ 73. Kd6 Qb4+ 74. Qc5 Qf4+ 75. Qe5 Qb4+ $16)) 64. Qd7 (64. Ke7 $1 $14 Qb4+ 65. Ke6 Qg4+ 66. Qf5 Qc4+ 67. Kd6 (67. Kd7 Qd4+ 68. Ke8 Qa4+ 69. Kf8 Qb4+ 70. Kf7 Qc4+ {[%mdl 64] Double Attack} 71. Ke8 Qc6+ 72. Kd8 Qd6+ 73. Ke8 Qc6+ 74. Kd8 Qd6+ 75. Ke8 Qc6+ $11) 67... Qb4+ 68. Qc5 Qf4+ 69. Qe5 Qb4+ 70. Kc6 Qa4+ 71. Kd6 Qb4+ 72. Qc5 Qf4+ 73. Qe5 Qb4+) 64... Qe4+ 65. Qe7 Qc6+ 66. Kf8 {[%csl Gf8][%cal Re7g7]} Qf3+ 67. Qf7 Qg4 $2 {[%mdl 8192]} (67... Qa3+ $11 68. Qe7 Qf3+ 69. Qf7 Qa3+ 70. Ke8 Qa4+ 71. Kd8 Qh4+ 72. Qe7 Qd4+ 73. Qd7 Qh4+ 74. Qe7 Qd4+ 75. Qd7 Qf6+ 76. Ke8 Qg6+ 77. Kd8 Qf6+ 78. Ke8 Qg6+ 79. Kd8 Qf6+) 68. Qe8 {White mates.} h2 69. Kf7+ Kh7 70. Qg8+ Kh6 71. Qh8+ Kg5 72. Qxg7+ Kf4 73. Qxg4+ Kxg4 74. c8=Q+ Kg3 75. Qc6 a5 76. Kf6 a4 77. Kg5 a3 78. Qh1 a2 79. Kf5 a1=Q 80. Qxa1 Kg2 81. Qb2+ Kg1 82. Qc1+ Kg2 83. Qd2+ Kg1 84. Qe1+ Kg2 85. Qe2+ Kg1 86. Kg4 h1=Q 87. Kg3 {Accuracy: White = 48%, Black = 35%.} 1-0

[Event "6th Uppsala Young Champions 2019"]
[Site "Uppsala"]
[Date "2019.10.28"]
[Round "6.5"]
[White "Pantzar, Milton"]
[Black "Nilsson, Joakim"]
[Result "1-0"]
[WhiteElo "2376"]
[BlackElo "2305"]
[Annotator "TA"]
[PlyCount "74"]
[EventDate "2019.10.25"]
[EventType "swiss"]
[EventCountry "SWE"]
[SourceTitle "playchess.com"]
[Source "ChessBase"]
[SourceQuality "1"]

{[%evp 9,74,20,27,27,27,25,19,16,31,30,22,30,29,42,40,8,24,3,14,11,25,17,21,15,10,19,16,15,20,7,17,16,31,7,17,12,16,8,5,2,4,0,10,0,5,0,27,33,97,69,67,74,85,85,85,85,85,85,85,85,148,120,213,214,181,183,184]} 1. d4 d5 2. c4 e6 3. Nc3 a6 4. cxd5 exd5 5. Nf3 c6 (5... Nf6 6. Bg5 Be6 7. e3 Nbd7 8. Bd3 c6 9. Qb3 Qb6 10. Qxb6 Nxb6 11. Bxf6 gxf6 12. Nh4 a5 13. O-O-O Bb4 {1-0 (40) So,W (2767)-Demchenko,A (2655) Khanty-Mansiysk 2019}) 6. Qb3 {D31: Queen's Gambit Declined: Semi-Slav without ...Nf6 (+ Marshall Gambit and Noteboom) and Exchange Variation lines without ...Nf6} Nf6 7. Bg5 Be7 8. e3 {The position is equal.} Nbd7 {[%cal Bb8d7,Bd7f8,Bf8e6,Be6g7,Bg7f5][%mdl 32]} 9. Bd3 Nf8 $146 ({Predecessor:} 9... O-O 10. O-O Re8 11. Qc2 Nf8 12. Rab1 g6 13. b4 {1-0 (94) Zhigalko,S (2643)-Aleksandrov,A (2559) Minsk 2017}) 10. O-O Ne6 11. Bh4 O-O 12. Qc2 g6 13. Rab1 Ng7 14. b4 Re8 15. a4 Bf5 16. Rfc1 Bxd3 17. Qxd3 Nf5 18. Bxf6 Bxf6 19. b5 axb5 20. axb5 Nd6 21. Nd2 Ra3 22. Qc2 Qa8 23. bxc6 bxc6 24. Rb6 Rc8 25. Qd1 Be7 (25... Bd8 $5 {[%cal Rd8b6]} 26. Rb3 Rxb3 27. Nxb3 Rc7 $11) 26. g3 h5 27. Rb2 c5 28. Ncb1 Rd3 (28... Ra7 $14) 29. Rxc5 Rxc5 30. dxc5 Ne4 {[#]} 31. Qc2 $1 $36 {[%cal Rc2d3][%mdl 2048] Keeping Black busy.} Nxc5 32. Rb5 Qa6 33. Rxc5 Bxc5 34. Qxc5 h4 (34... Qa1 $142 35. Kg2 Qb2) 35. gxh4 Qe6 (35... Qa4 $16) 36. Qc2 $18 Qf5 {[#]} 37. Kf1 $1 {And now Nb3 would win.} d4 {Accuracy: White = 68%, Black = 51%.} 1-0

[Event "6th Uppsala Young Champions 2019"]
[Site "Uppsala"]
[Date "2019.10.28"]
[Round "6.6"]
[White "Narva, David"]
[Black "Vainerchuk, Barys"]
[Result "1-0"]
[WhiteElo "1979"]
[BlackElo "2136"]
[Annotator "TA"]
[PlyCount "57"]
[EventDate "2019.10.25"]
[EventType "swiss"]
[EventCountry "SWE"]
[SourceTitle "playchess.com"]
[Source "ChessBase"]
[SourceQuality "1"]

{[%evp 9,56,-6,-2,-18,-9,-29,-8,-14,-14,-10,-8,-10,44,0,8,10,0,-11,8,9,39,37,59,25,35,0,9,11,48,46,56,53,110,125,574,565,1906,-240,1912,1912,1665,1634,1423,307,743,637,717,732,29999]} 1. e4 c5 2. Nf3 e6 3. b3 Nc6 4. Bb2 d6 5. c3 (5. Bb5 e5 6. O-O Be7 7. c3 f5 8. exf5 e4 9. Ne1 Nf6 10. d3 Bxf5 11. Nd2 exd3 12. Bxd3 Bg4 13. Nef3 {1-0 (30) Tomashevsky,E (2728)-Movsesian,S (2653) Huaian 2016}) 5... Nf6 6. Bd3 {B50: Sicilian: 2...d6, Miscellaneous} Be7 7. O-O O-O 8. Re1 {The position is equal.} d5 $146 ({Predecessor:} 8... a6 9. Bc2 b5 10. d3 Bb7 11. Nbd2 Nd7 12. d4 cxd4 13. cxd4 {1-0 (33) Wan,Y (2481)-Ma,L (1951) Wuxi 2016}) 9. e5 Nd7 10. Bc2 d4 ({Better is} 10... b5 $11) 11. cxd4 cxd4 12. Nxd4 Ncxe5 13. Nf3 Nxf3+ 14. Qxf3 Bf6 15. d4 Nb6 16. Nd2 (16. Nc3 {seems wilder.} Nd5 17. Ba3 Be7 18. Bxe7 Nxe7 19. Rad1) 16... Nd5 17. Ne4 Be7 18. Nc3 $40 {[%mdl 128] White mounts an attack.} Nxc3 19. Bxc3 Bf6 20. Rad1 Qc7 (20... Bd7 $14) 21. Re3 $1 $16 Bd7 $2 {[%mdl 8192] [#]} (21... Bg5 $16) 22. Bxh7+ $1 $18 {[%mdl 512]} Kxh7 {[#]} 23. Qh5+ $1 Kg8 {Hoping for ...g6.} 24. Rh3 {[%csl Gh3][%cal Rh5h8]} Bh4 25. Qxh4 {[%csl Gh3][%cal Rh4h8]} f6 26. Bb4 $2 (26. d5) 26... Rfe8 $2 (26... Qc2 27. Qh8+ (27. Qh5 Rfe8 $16) 27... Kf7 28. Qh5+ Qg6 29. Bxf8 Qxh5 30. Rxh5 Rxf8) 27. Qh7+ Kf7 {Now ...Rh8 and Black clings on.} 28. Rg3 {[%csl Gh7][%cal Rg3g7]} Rg8 29. Qg6# {Accuracy: White = 60%, Black = 28%.} 1-0

[Event "6th Uppsala Young Champions 2019"]
[Site "Uppsala"]
[Date "2019.10.28"]
[Round "6.7"]
[White "Thorhallsson, Simon"]
[Black "Apol, Luitjen Akselsson"]
[Result "1-0"]
[WhiteElo "2190"]
[BlackElo "2129"]
[Annotator "TA"]
[PlyCount "59"]
[EventDate "2019.10.25"]
[EventType "swiss"]
[EventCountry "SWE"]
[SourceTitle "playchess.com"]
[Source "ChessBase"]
[SourceQuality "1"]

{[%evp 13,59,4,17,14,23,18,23,2,7,-8,-9,-40,18,22,50,18,60,4,43,0,18,-35,203,203,201,197,206,202,269,191,197,184,358,279,614,609,593,602,659,637,1243,1218,1163,935,854,921,870,854]} 1. d4 Nf6 2. Nf3 g6 3. Bg5 Bg7 4. Nbd2 d6 5. e3 O-O 6. Bd3 Nbd7 7. O-O c5 8. c3 {A48: 1 d4 Nf6 2 Nf3 g6: Torre, London and Colle Systems} h6 (8... b6 9. Re1 Bb7 10. e4 h6 11. Bh4 cxd4 12. cxd4 Rc8 13. a4 Nh5 14. a5 {0-1 (41) Tang,A (2507)-Burke,J (2524) Saint Louis 2018}) 9. Bh4 b6 10. a3 {White has an edge.} Bb7 11. b4 $146 ({Predecessor:} 11. Qc2 Rc8 12. Rfe1 {0-1 (47) Doman,C (1911)-Matrahalmi,T (2135) Budapest 2004}) 11... Rc8 12. Qb3 Kh8 (12... e5 $15) 13. bxc5 $11 dxc5 14. Bc4 e6 15. Rfe1 (15. h3 $14) 15... Qe8 (15... g5 $5 16. Bg3 $8 g4 $11) 16. e4 Nh5 17. d5 (17. Qd1 $11) 17... e5 $2 {[#]} (17... g5 $15 {stays ahead.} 18. Bg3 g4) 18. Bb5 $1 $18 g5 19. Bg3 Nxg3 20. hxg3 Qe7 21. Nc4 Rfd8 22. Qa4 f5 $2 (22... Ra8 23. Ne3 Nb8) 23. Bxd7 (23. exf5 Bxd5 24. Rad1 (24. Qxa7 Bxc4 25. Bxc4 e4 $16) 24... Bxc4 $16) 23... Rxd7 $2 {[#]} (23... Qxd7 24. Qxd7 (24. Qxa7 Ra8 $16) 24... Rxd7) 24. Nfxe5 $1 {[%mdl 512] White is clearly winning.} Bxe5 25. Nxe5 Rd6 26. exf5 Qf6 27. Ng6+ Kg8 28. Ne7+ {[%mdl 64] Double Attack} Kg7 29. Nxc8 Bxc8 30. Qe8 {Accuracy: White = 45%, Black = 21%.} 1-0